LEADER 01606nam a2200277 u 4500 001 000000062094 003 CaOOAMICUS 005 20100111171840.0 008 010919s2000 gw u000 u ger u 020 $a3-402-04008-5 035 $a10903628 040 $aBAV$bita$dMCT 100 1 $aHipp, Stephen A.$0(OLS)http://pul/name/42347 245 11$a"Person" in christian tradition and in the conception of saint Albert the Great :$ba systematic study of its concept as illuminated by the mysteries of the trinity and the incarnation /$cStephen A. Hipp. 260 $aMünster :$bAschendorff,$c2001. 300 $a565 p. ;$c23 cm 490 1 $aBeiträge zur Geschichte der Philosophie und Theologie des Mittelalters.$aNeue Folge ;$v57 504 $a"Bibliography": p. [531]-555. 600 04$aAlbertus Magnus,$cs., vesc. di Regensburg,$dc. 1193-1280$xCritica e interpretazione.$0(OLS)http://pul/subject/2370 830 0$aBeiträge zur Geschichte der Philosophie und Theologie des Mittelalters.$pTexte und Untersuchungen.$pNeue Folge ;$v57.$0(OLS)http://pul/title/35517 850 $aPUL 852 $aPUL$W1$xSL Religione 2$y84$mTheol A2 44.57$j80797$nBK-PRI$qStampati altre collocazioni$B80797$CPULBib$Z2$F80797 $82 941 1 $a10 996 $6020$a3-402-04008-5$9(OLS)http://pul/number/80486 996 $6245$a"Person" in christian tradition and in the conception of saint Albert the Great :$ba systematic study of its concept as illuminated by the mysteries of the trinity and the incarnation$9(OLS)http://pul/title/82874 996 $6260$aMünster :$bAschendorff$9(OLS)http://pul/publisher/48290 LEADER 01234nam a2200289 a 4500 001 000000160116 003 CaOOAMICUS 005 20170410141524.0 008 170410s2015 it 000 u ita r 020 $a978-88-921-0223-1* 032 $aLibriCat 040 $aPUL$bita 082 14$a342.73 100 1 $aD'Angelo, Giuseppe.$0(OLS)http://pul/name/45838 245 10$aLibertà religiosa e diritto giurisprudenziale : $bl'esperienza statunitense /$cGiuseppe D'Angelo . 260 $aTorino :$bGiappichelli,$c©2015. 300 $aXIV, 237 p. ; $c24 cm. 504 $aBibliografia in nota a piè pagina. 650 4$aLibertà religiosa$zStati Uniti.$0(OLS)http://pul/subject/33230 850 $aPUL 852 $aPUL$W1$xSL Diritto e Scienze Sociali 3$y79$m342. 73 DANGI 1$j183716$qDDC 21$B186924$CPULBib$Z2$F186924 $H129435 $82 941 1 $a9 996 $6020$a978-88-921-0223-1*$9(OLS)http://pul/number/162453 996 $6082$a342.73$9(OLS)http://pul/classification/2234 996 $6245$aLibertà religiosa e diritto giurisprudenziale : $bl'esperienza statunitense$9(OLS)http://pul/title/199760 996 $6260$aTorino :$bGiappichelli$9(OLS)http://pul/publisher/48244